=LDR 00000nam 2200000 4500 =001 INLIS000000000055234 =005 20200318074151 =035 ##$$a 0010-0320000341 =007 ta =008 200318###########################0#ind## =082 ##$$a 658.404 =084 ##$$a 658.404 Rid d =245 1#$$a Dasar - dasar manajemen proyek teknologi informasi /$c Dr.Ridi Ferdiana =250 ##$$a Cet 1 =300 ##$$a ix, 130 halaman : $b Ilustrasi ; $c 24 cm =650 #4$$a Proyak - Manajemen =504 ##$$a Bibliografi : halaman 129 - 130 =264 ##$$a Yogyakarta :$b Teknosain,$c 2016 =336 ##$$a Teks$2 rdacontent =337 ##$$a lain-lain$2 rdamedia =338 ##$$a lain-lain$2 rdacarrier =990 ##$$a 22452245 =990 ##$$a 22452245